000 00760nam a2200205 a 4500
001 000047319
005 20201002053538.0
008 131122s2014 dr r 000 0 spa d
040 _aDO-SdBNP
_bspa
_cBNPHU
082 _a342.7293041
_bR426L, 2014
110 2 _aRepública Dominicana
_9447
240 1 0 _a[Ley orgánica]
245 1 0 _aLey núm. 137-11 orgánica del tribunal constitucional y de los procedimientos constitucionales :
_bModificada por la ley no. 145-11.
250 _a2a. ed.
260 _aSanto Domingo :
_bTribunal Constitucional,
_c2014.
300 _a50 p. ;
_c23 cm.
590 _aInventariado, 2018/VM
650 4 _aRepública dominicana
_xDerecho constitucional
_974990
650 4 _aReformas constitucionales
_zRepública Dominicana
_98313
999 _c46807
_d46807